[Event "Olympiad-42"]
[Site "Baku"]
[Date "2016.09.04"]
[Round "3.1"]
[White "Caruana, Fabiano"]
[Black "Peralta, Fernando"]
[Result "1-0"]
[WhiteElo "2808"]
[BlackElo "2590"]
[Annotator "Prasanna,V"]
[PlyCount "83"]
[EventDate "2016.09.02"]
[EventType "team-swiss"]
[EventRounds "11"]
[EventCountry "AZE"]
[SourceTitle "CBM 175"]
[Source "ChessBase"]
[SourceDate "2016.11.10"]
[SourceVersion "1"]
[SourceVersionDate "2016.11.10"]
[SourceQuality "1"]
[WhiteTeam "US of America"]
[BlackTeam "Argentina"]
[WhiteTeamCountry "USA"]
[BlackTeamCountry "ARG"]

1. e4 e6 2. d4 d5 3. Nc3 Nf6 4. e5 Nfd7 5. f4 c5 6. Nf3 Be7 7. Be3 b6 8. Qd2
Nc6 9. Nd1 O-O ({The move} 9... cxd4 {has been played more often} 10. Nxd4 Nxd4
11. Bxd4 O-O (11... Nb8) 12. Nf2 (12. Bd3 f6 $1) 12... Nb8 13. c3 Nc6 14. Bd3)
10. c3 a5 11. Bb5 {The white strategy is to preserve the light-squared bishops
- Black's main 'problem piece in the French'.} Ndb8 {Black improves over a
game played in the German Bundesliga.} (11... Qc7 12. O-O a4 13. Bf2 Ba6 14.
Bxa6 Rxa6 15. f5 Na5 16. f6 gxf6 17. Bh4 Qd8 18. exf6 Nxf6 19. Qg5+ Kh8 20. Ne5
Ng8 21. Qh5 f6 22. Ng6+ Kg7 23. Nxf8 Qxf8 24. Ne3 Qf7 25. Qg4+ Kh8 26. Qf4 Nc6
27. Qc7 cxd4 28. Nxd5 dxc3 29. Nxe7 Ncxe7 30. bxc3 b5 31. Rad1 {1-0 (31)
Balogh,C (2659)-Schenk,A (2483) Baden-Baden GER 2015}) 12. Ba4 ({The simpler} 
12. O-O {is possible} Ba6 13. a4 $5 {It is not that easy for Black to equalise.
} Na7 14. c4 dxc4 15. Nc3 Nxb5 (15... Bxb5 16. axb5 cxd4 17. Nxd4 Bb4 18. f5
$14) 16. axb5 Bb7 17. Rad1 cxd4 18. Nxd4 g6 19. f5 $40) 12... Ba6 (12... cxd4
13. cxd4 {does not help Black.}) 13. a3 b5 (13... Qc7 14. Bc2 Rc8 15. Rc1 (15.
Bb1 Nd7 16. h4 a4 17. Ng5 Nf8) 15... b5 {seems to give Black enough
counterplay.}) 14. Bc2 Nd7 15. h4 cxd4 16. cxd4 f5 {A typical French idea,
blunting White's attack. A long phase of manoeuvring continues now.} (16... b4
$5 17. Ng5 g6 (17... h6 18. Bh7+ Kh8 19. Bd3 bxa3 20. bxa3 Qc8 21. Bxa6 Qxa6
22. Qc2 g6 23. h5 Rac8 24. hxg6 Bxg5) 18. h5 (18. Nxh7) 18... Bxg5 19. fxg5 Nb6
20. Qf2 Nc4 21. Qh4 {with complications.}) 17. g4 Nb6 18. Qg2 Qd7 19. Bc1 {
White wants his knight on e3.} b4 20. gxf5 exf5 21. Ne3 (21. Rg1 Bd8 22. Ne3
Ra7 23. Qh3 {transposes to the game.}) 21... bxa3 {It appears that Black has
enough counterplay on the queenside and it is quite fast.} 22. bxa3 Bd8 23. Rg1
Ra7 24. Qh3 Ne7 25. Qg2 Nc6 26. Rb1 Nc4 27. Nxc4 Bxc4 28. Kf2 (28. Ba4 Bd3 29.
Rb3 Be4 30. Rc3 Bxh4+ 31. Nxh4 Bxg2 32. Bxc6 Qd8 33. Nxg2 Kh8 34. Be3 $14)
28... a4 29. Bd2 Qe7 30. Qh3 Qxa3 31. Bxf5 Rxf5 {The game is marred with
mistakes after this. Time pressure could be a possible reason, but Black
spoilt his chances and even went on to lose.} (31... Kh8 $1 {and I believe
Black has enough resources and counterplay to hold off White's attack:} 32. h5
(32. Bxh7 Nxd4 $17) 32... Bd3 33. Bxd3 Qxd3 $15) 32. Qxf5 Qxf3+ 33. Kxf3 Nxd4+
34. Kg4 Be2+ 35. Kh3 Nxf5 36. Rb8 Kf7 37. Rxd8 a3 $2 {The final mistake. An
otherwise well played game by Black is spoiled by mistakes close to the 40th
move.} (37... Bf3 {still gave equal chances for Black} 38. Bb4 a3 39. Rc1 Kg6
40. e6 a2 41. Ra1 Rb7 42. e7 Nxe7 43. Bxe7 Rxe7 44. Rxa2 Re3 $11) 38. e6+ Ke7
39. Rxd5 a2 40. Rxf5 a1=Q 41. Rxa1 Rxa1 42. Bb4+ 1-0

[Event "Olympiad-42"]
[Site "Baku"]
[Date "2016.09.13"]
[Round "11.1"]
[White "Caruana, Fabiano"]
[Black "Bareev, Evgeny"]
[Result "1-0"]
[WhiteElo "2808"]
[BlackElo "2675"]
[Annotator "Sumets,A"]
[PlyCount "61"]
[EventDate "2016.09.02"]
[EventType "team-swiss"]
[EventRounds "11"]
[EventCountry "AZE"]
[SourceTitle "CBM 175"]
[Source "ChessBase"]
[SourceDate "2016.11.10"]
[SourceVersion "1"]
[SourceVersionDate "2016.11.10"]
[SourceQuality "1"]
[WhiteTeam "US of America"]
[BlackTeam "Canada"]
[WhiteTeamCountry "USA"]
[BlackTeamCountry "CAN"]

1. e4 c6 2. d4 d5 3. e5 Bf5 4. Nf3 e6 5. Be2 Nd7 6. O-O Bg6 7. a4 Ne7 (7... Nh6
{is the main line. After 7...Ne7 and 7...Nf5 usually Black's knight is heading
to f5. It's obvious that after 7...Nh6 Caruana's 8.a5 a6 9.b4 doesn't work.
The dark side of 7....Nh6 is that quite often White can take on h6 and get an
advantage. Let's see some games.} 8. a5 (8. Nbd2 Be7 (8... a5 9. Nb3 Be7 10.
Bd3 O-O 11. h3 (11. Bxh6 $5 gxh6 12. Qd2 h5 13. c3 Qb6 14. Nc1 c5 15. Bb5 Rfd8
16. Ne2 $14 {I would prefer to play this position with White}) 11... c5 12.
Bxg6 fxg6 $1 ({If Black plays} 12... hxg6 {then after} 13. g4 {White can play
Be3, Qd2 and Black's knight has no squares}) 13. c3 Qb6 14. dxc5 Nxc5 15. Nbd4
Nf5 16. Nb5 Ne4 $11 {Brkic,A (2603)-Kreisl,R (2420) Zadar 2014 1-0 (37)}) 9. a5
O-O 10. c4 f6 (10... Rc8 11. Nb3 Nf5 12. a6 $6 b6 13. Bf4 dxc4 14. Bxc4 b5 15.
Be2 Nb6 16. Qd2 $6 Qd5 (16... Nd5 $1 $15) 17. Na5 c5 18. dxc5 Bxc5 $11 {
Laurusas,T (2429)-Ratkovic,M (2388) Khanty-Mansiysk 2015 1-0 (46)}) 11. a6 (11.
cxd5 cxd5 12. Nb3 Nf7 13. exf6 Bxf6 $13) 11... b6 12. Nb3 Rc8 $6 13. Bxh6 $1
gxh6 14. cxd5 cxd5 (14... exd5 $6 15. Qd2 fxe5 16. dxe5 Nc5 (16... Bg5 17. Nxg5
hxg5 18. Bg4 Bf5 19. Bxf5 Rxf5 20. Nd4 $1 Rxe5 21. f4 gxf4 22. Rxf4 $40) 17.
Nbd4 h5 18. Rac1 $16) 15. Rc1 Bb4 16. Bb5 $14 {Burg,T (2359)-Piorun,K (2445)
Herceg Novi 2008 1-0 (33)}) 8... a6 9. Nbd2 (9. c4 Bxb1 $6 (9... Be7 10. Nc3
O-O 11. Bf4 Nf5 12. h3 Nh4 13. Nxh4 Bxh4 14. cxd5 (14. Qb3 $5 Rb8 15. Qa2)
14... cxd5 15. b4 Be7 16. Qb3 Nb8 $11 {Brkic,A (2569)-Predojevic,B (2637)
Sarajevo 2012 1/2 (20)}) 10. Bg5 $1 Be7 11. Bxh6 Be4 $8 (11... gxh6 12. Qxb1
dxc4 13. Bxc4 $16) 12. Bxg7 Rg8 13. Bh6 dxc4 14. g3 Nf8 15. Bxc4 $16 {
Kryvoruchko,Y (2668)-Houska, J (2417) Dubai 2013 1-0 (41)}) 9... Be7 10. c4 O-O
11. Nb3 Nf5 12. Bf4 dxc4 13. Bxc4 c5 14. d5 b5 15. Be2 c4 (15... exd5 $5 16. g4
$2 (16. Qxd5 Qc7 17. Rfd1 Rad8 18. e6 Qxf4 19. exd7 c4 20. Nbd4 Nxd4 21. Rxd4
Qc7 $11) 16... Nh6 17. Bxh6 gxh6 18. Qxd5 Qc7 19. Rac1 Rfd8 $17 {Preotu,R 
(2341)-Gerzhoy,L (2481) Montreal 2014 0-1 (40)}) 16. d6 cxb3 17. g4 Nxd6 18.
exd6 Bf6 19. Qxb3 e5 20. Be3 e4 $132 {Vachier Lagrave,M (2718)-Doettling,F 
(2587) Haguenau 2013 1-0 (66)}) 8. a5 a6 {I believe that Black's last move is
a serious concession; he shouldn't allow White to play b4.} (8... Nf5 {seems
to be stronger than 8...a6:} 9. c4 dxc4 10. Bxc4 b6 11. axb6 Nxb6 12. Bd3 Be7 (
12... Nxd4 $6 13. Bxg6 Nxf3+ 14. Qxf3 hxg6 15. Qxc6+ Qd7 16. Qxb6 $1 axb6 17.
Rxa8+ Ke7 18. Nc3 $16) 13. Nc3 O-O 14. g4 Nh4 15. Nxh4 Bxd3 16. Qxd3 Bxh4 17.
Qe4 (17. f4 Be7 18. Be3 Nd5 19. f5 Nxe3 20. Qxe3 Bg5 21. Qf2 Bh4 22. Qd2 Bg5
$11) 17... Be7 {The arising position is rather dangerous for White.} 18. f4 c5
19. dxc5 Bxc5+ 20. Kg2 Re8 $11 {Karjakin,S (2785)-Sjugirov,S (2635) Moscow
2012 1/2 (42)} (20... Qc7 $5 21. f5 $15 (21. Nb5 Qe7) 21... Nd7 22. Na4 exf5
23. Rxf5 Rae8 $15)) 9. b4 $1 {White has prevented ...c5, so the only way to
get counterplay is connected with ...f6.} Nf5 (9... Nc8 {The knight is heading
to b5. I don't see any special reason to put it on this square.} 10. c3 Na7 11.
Bd3 Be7 12. Bxg6 hxg6 13. Re1 Nb5 14. Qd3 b6 15. axb6 Qxb6 16. Bg5 a5 17. Nbd2
$16 {Tabatabaei,M (2493)-Laurent-Paoli,P (2305) Khanty-Mansiysk RUS 2016 1-0 
(57)}) 10. c3 f6 $146 {Sooner or later Black should make this move.} (10... Be7
11. Bf4 O-O 12. Nbd2 Nh4 13. Nxh4 Bxh4 14. Nf3 Be7 15. Qd2 h6 16. Ne1 Re8 17.
Nd3 Qc7 18. Be3 $14 {Cvak,R (2379)-Hernandez Fernandez,C (2230) ICCF 2011 1/2 
(43). Black's position is quite solid but he hasn't any counterplay.}) 11. Bf4
{This seems to be more solid than E. Gleizerov's recommendation 11.Nbd2.} (11.
Nbd2 $5 Qb8 (11... fxe5 12. dxe5 Be7 13. g4 Nh4 14. Nxh4 Bxh4 15. f4 O-O 16.
Nf3 Be7 17. Nd4 $16) 12. Nb3 fxe5 13. dxe5 Nxe5 14. Nfd4 $44 {Gleizerov,E})
11... fxe5 12. dxe5 {Of course White shouldn't trade the knights on e5.} (12.
Nxe5 $6 Nxe5 13. Bxe5 Bd6 14. Nd2 Bxe5 15. dxe5 d4 $11) 12... Be7 13. g4 Nh4
14. Nd4 $14 Bf7 15. Bg3 h5 $6 {Black sacrifices a pawn and White's bishop has
the very important g4-square.} (15... g5 $1 16. Bxh4 gxh4 17. f4 c5 18. bxc5
Nxc5 19. Nd2 Rg8 20. Kh1 $16 {White is much better but at least Black has some
counter-chances.}) 16. gxh5 Qc7 $6 (16... Nf5 17. Nxf5 exf5 18. Na3 Nf8 19. Nc2
Ne6 20. f4 Qd7 21. Ne3 Nc7 22. Rc1 $16 O-O-O $2 23. Nxf5 $18) 17. Bg4 $18 {
White has an extra pawn and a strong attack.} Rh6 (17... Nf8 18. Nd2 Rh6 19. f4
$18) 18. f4 {With the obvious threat of f4-f5.} c5 {This is too late. Evgeny
tries to prevent f5 but now it is imposible.} 19. bxc5 Qxc5 20. Kh1 O-O-O 21.
Nd2 {Fabiano doesn't want to hurry up.} ({Lines such as} 21. f5 Nxf5 22. Rxf5
$1 exf5 23. Nxf5 Rdh8 24. Nd2 $18 {are useless for this position. White
doesn't need to take even a minimal risk.}) 21... Rdh8 22. Qe1 Bxh5 23. Bxe6
$18 Be8 24. f5 Bd8 {Black wants to play ...Bc7.} 25. Rf4 $1 {Black's chances
to save the game are minimal.} g5 {Black protects his knight on h4, but what
will stop the e5- and f5-pawns?} 26. Rf2 Bc7 27. Qe3 {The c3-pawn is protected,
the game is over.} Kb8 28. f6 Nf8 29. Bg4 Nhg6 30. N2b3 Qa7 31. f7 1-0

[Event "London Classic 8th"]
[Site "London"]
[Date "2016.12.10"]
[Round "2"]
[White "Topalov, Veselin"]
[Black "Caruana, Fabiano"]
[Result "0-1"]
[WhiteElo "2760"]
[BlackElo "2823"]
[Annotator "Marin,M"]
[PlyCount "78"]
[EventDate "2016.12.09"]
[EventType "tourn"]
[EventRounds "9"]
[EventCountry "ENG"]
[EventCategory "22"]
[SourceTitle "CBM 176"]
[Source "ChessBase"]
[SourceDate "2017.01.17"]
[SourceVersion "1"]
[SourceVersionDate "2017.01.17"]
[SourceQuality "1"]

1. e4 e6 2. d4 d5 3. e5 {The Advance Variation, featuring the advantage that
Black cannot choose between several possible stuctures, has become quite
popular mainly due to the efforts of Grischuk and Svidler some years ago and
has more recently been adopted by Shirov.} c5 4. c3 Nc6 5. Nf3 Bd7 6. Be2 {
The standard reaction to Black's move order.} (6. a3 Nge7 7. b4 cxd4 8. cxd4
Nf5 9. Be3 g6 {Matovic,M (2236)-Atalik,S (2564) Novi Sad 2016 CBM 174 [Atalik,
S] (0-1, 37)}) 6... Nge7 7. h4 $5 {A relatively rare move, even though the
advance of the h-pawn forms part of White's global plan.} ({There has been a
lot of interest at the top level for} 7. O-O Ng6 (7... Rc8 8. Na3 {0-1 (33)
Shirov,A (2712)-Svane,R (2542) Germany 2015 CBM 170 [CB]}) (7... Nf5 8. dxc5
Bxc5 9. Bd3 {1-0 (44) Grischuk,A (2746)-Ivanchuk,V (2768) Khanty-Mansiysk 2011
CBM 145 [Marin,M]}) 8. g3 Be7 (8... cxd4 9. cxd4 f6 {1-0 (37) Svidler,P (2747)
-Ivanchuk,V (2757) London 2013 CBM 154 [Marin,M]}) 9. h4 cxd4 (9... O-O 10. h5
Nh8 11. dxc5 Bxc5 12. b4 Be7 13. b5 Na5 14. h6 {1-0 (35) Grischuk,A (2746)
-Ivanchuk,V (2768) Khanty-Mansiysk 2011 CBM 145 [Marin,M]}) 10. cxd4 O-O 11. h5
Nh8 12. h6 g6 13. Nc3 f6 {1-0 (34) Shirov,A (2686)-Akesson,R (2452) Stockholm
2016 CBM 172 Extra [Shirov,A]}) ({Statistically, the most frequent move is} 7.
Na3 {though, even though not so much at the top level. Here is just a recent
example:} cxd4 8. cxd4 Nf5 9. Nc2 Qb6 10. O-O Na5 11. b3 Bb5 12. Bd2 Nc6 13.
Rc1 Be7 14. Bc3 {Black has solved the problem of his "bad" bishop, but the
next move is asking for trouble.} O-O-O $2 (14... Rc8 $5) (14... a5 $5) 15. b4
{This is not that much an attack against the king as a way of taking advantage
of Black's piece congestion.} Kb8 16. Bxb5 Qxb5 17. a4 $1 Qb6 (17... Qxa4 18.
Ra1 Qb5 19. Na3 Qb6 20. b5 Na5 21. Qa4 $18) 18. Qd2 a6 {McShane,L (2652)
-Hawkins,J (2590) London 2016 (1/2-1/2, 69)} 19. b5 $18 {[%cal Gc3a5]}) 7...
Qb6 {The most flexible move, delaying the exchange on d4 and keeping open all
the options for the e7-knight.} (7... Nf5 8. g4 Nfe7 9. h5 f6 10. exf6 gxf6 11.
dxc5 e5 12. g5 $36 {Sokolov,A (2521)-Prusikin,M (2528) Switzerland 2016 (1-0,
44)}) (7... cxd4 8. cxd4 Qb6 {may transpose though.} 9. b3 $6 {this seems too
slow.} (9. Na3 {transposes to the game}) (9. Nc3 {reaches a move repetition at
best:} Nf5 10. Na4 Qa5+ {[%cal Gc6d4,Gd7a4] Voss,A (1768)-Woltering,M (1727)
Germany 2010 (1-0, 46)} 11. Bd2 $2 Bb4 $17 {[%csl Gd4]}) 9... Nf5 10. Bb2 Be7
11. g4 Nh6 12. Rg1 f6 13. exf6 gxf6 14. Qd2 Nf7 15. Nc3 O-O-O 16. O-O-O Kb8 17.
Kb1 Nd6 $11 {Polgar,J (2630)-Nikolic,P (2655) Moscow 1994 CBM 045 [Hansen,Cu] 
(0-1, 40)}) 8. Na3 cxd4 9. cxd4 Nb4 $146 {This new move obviously aims at
preventing Nc2, leaving the knight passive on a3 for a long time. But its main
drawback is releasing the pressure on b2.} (9... Nf5 {looks playable.} 10. Nc2
Nb4 (10... f6 $6 11. g4 Nfxd4 $6 12. Ncxd4 Nxe5 13. Rg1 Nxf3+ 14. Nxf3 Bc5 15.
Rg2 O-O 16. Kf1 Rac8 17. b3 {Movsesian,S (2632)-Ni,H (2614) ICC INT 2006 (0-1,
50), didn't yield Black enough compensation for the piece.}) 11. Nxb4 Qxb4+ 12.
Kf1 Bb5 13. h5 h6 14. g4 Bxe2+ 15. Kxe2 Ne7 16. Qd3 Nc6 17. Bd2 Qb6 18. b4 a6
19. Rhb1 Be7 20. a4 {Movsesian,S (2653)-Wang,H (2717) Huaian 2016 (0-1, 32),
White has a space advantage all over the board, but after exchanging two minor
pieces Black should not be too worried.}) 10. h5 h6 ({Once again} 10... Nf5 {
looks premature:} 11. g4 Nh6 12. Rg1 $14) ({But there wasn't an immediate need
for preventing h5-h6 for instance:} 10... Rc8 11. h6 ({White could play as in
the game} 11. Kf1 $5 a6 12. Bd2 {and the threat h5-h6 could eventually become
real, inducing /...h7-h6 anyway.}) 11... gxh6 12. Bxh6 Bxh6 13. Rxh6 Nf5 14.
Rh5 Nc6 {[%csl Gb2,Gd4] But Caruana's move should not be criticised, as it is
a way of inviting White to reveal his cards without defining his own queenside
intentions yet.}) 11. Bd2 {Taking full advantage of the drawbacks of the
novelty.} a6 12. Bc3 {But this is slightly questionable, as the c3-square
could be used by the knight.} (12. Kf1 $5 Nec6 ({Under the given circumstances
the more modest} 12... Nbc6 {may be safer.} 13. Bc3 Na7 14. Qd2 Nec6 15. Rh3
$14) 13. Rh4 O-O-O 14. Nb1 $1 {[%cal Ga2a3]} Na7 (14... Na5 15. b3) 15. Nc3 $16
) 12... Nec6 13. Rh3 O-O-O 14. Kf1 ({Even though slightly less effective now,
the regrouping starting with} 14. Nb1 {deserves consideration.} Na7 15. a3 Nbc6
16. b4 Nb5 (16... Kb8 17. Bb2 f6 18. Nc3 $14 {[%cal Gc3a4]}) (16... f6 17. Bb2
fxe5 18. Nxe5 Nxe5 19. dxe5 $14 {[%cal Gh3b3,Gb1c3,Gc3a4]}) 17. Bb2 Be7 18. Kf1
Kb8 19. a4 {Otherwise it is hard to see how could White get things going.} Nc7
20. b5 axb5 21. axb5 Nxb5 22. Nc3 {with reasonable compensation for the pawn
due to the somewhat exposed black king.}) 14... Kb8 {A cunning move, preparing
...f7-f6.} ({But objectively the immediate break} 14... f6 {was better:} 15.
Nc2 Nxc2 16. Qxc2 {[%cal Gc2c8]} Kb8 (16... fxe5 17. Nxe5 $16 Nxe5 $2 18. Ba5+
$1 Qc6 19. Rc3 $18) 17. Qd2 fxe5 18. Nxe5 Nxe5 19. dxe5 {[%csl Gd8][%cal Gc3a5]
} Rc8 20. Bd4 Bc5 21. Rb3 Bb5 $11) 15. Qd2 $6 ({The last good moment for} 15.
Nb1 {with possible transposition to the similar line above.}) 15... f6 $1 $15 {
Everything was ready for this break. Suddenly, White's imperfect coordination
starts to tell.} 16. exf6 ({With the centre under tension} 16. Nb1 $2 {would
be just asking for trouble:} fxe5 17. a3 (17. dxe5 d4) 17... e4 18. Nh4 e5 $19
{[%csl Gd4,Gh3]}) (16. Nc2 {was not entirely satisfactory either:} Nxc2 17.
Qxc2 fxe5 18. Nxe5 Nxe5 19. dxe5 Bc5 20. Be1 Rc8 $36) 16... gxf6 17. Rg3 (17.
Nb1 e5 18. Rg3 Bf5 $17 {[%cal Gb4c2]}) 17... Be8 18. Nh4 ({This was the last
moment when White could think of redeploying his knight, even though this
would not have solved all the problems:} 18. Nb1 Na5 (18... Bxh5 19. a3 a5 20.
axb4 axb4 21. Na3 $5 $13) 19. Nh4 Bd6 20. Rg7 Nc4 $15) 18... Bd6 $6 {A curious
decision, allowing White to activate his rook on the seventh rank.} (18... e5
$1 19. dxe5 (19. Ng6 Bxg6 20. hxg6 Rg8 $15 {[%cal Ye5d4,Ge5e4,Gf6f5]}) 19... d4
20. Bxb4 Bxb4 21. Qd1 Nxe5 $15) 19. Rg7 e5 20. dxe5 {With the bishop hanging
Black does not have the intermediate ...d5-d4 anymore.} (20. Ng6 $5 Bxg6 21.
hxg6 exd4 22. Rd1 dxc3 23. bxc3 Qa5 24. Qb2 $13) 20... fxe5 21. Ng6 Bxg6 22.
hxg6 $13 {Things are still messy for White on the queenside but he has made
huge progress on the other wing.} e4 ({It looks wiser to take some measures
against the far advanced enemy forces:} 22... Rhf8 23. Rf7 (23. f3 $2 e4 $40)
23... Rxf7 24. gxf7 Qc7 25. Bh5 Qe7 26. g3 (26. Qxh6 $2 Qh4 27. Kg1 Bc5 28. Rf1
Nd3 $19) 26... Qe6 27. Kg2 Rf8 $13) 23. Rf7 Rhg8 $6 {The start of Black's
problems.} ({It was not too late for} 23... Rhf8 24. Qxh6 Rxf7 25. gxf7 Qc7 26.
Bf6 Rf8 27. Bh5 Ka7 28. Bg7 Rxf7 29. Bxf7 Qxf7 $44 {[%csl Ga2,Ga3]} 30. Qxd6
Qxg7 31. Rb1 Nd3 32. Qg3 Qf6 33. Nc2 d4 {Despite his missing exchange, Black
dominates the centre. The positon is unclear and chances are roughly equal.})
24. g7 {With such a far advanced pawn, sustained by the rook and bishop, White
is better already, even though the position remains messy.} Ka7 (24... d4 25.
Nc4 Qc5 (25... dxc3 26. bxc3) 26. Bxb4 Nxb4 27. Rc1 $16) 25. Qxh6 Nd3 $6 {
This makes White land up in an objectively hopeless position.} (25... Ne5 $5 {
Still offers some hope:} 26. Rf6 Nbd3 27. Bxd3 Nxd3 28. Nc2 Qc7 29. Nd4 Bf4 30.
Rxf4 Nxf4 31. g3 $16) 26. Bxd3 exd3 27. Re1 Bc5 28. Re6 {[%csl Ga7][%cal Ge6c6]
A tempting and not really bad move, but White does not need such
hyper-activity.} ({The simpler} 28. Qg6 {[%csl Gd3] eliminates the d3-pawn and
with it any source of black counterplay.}) 28... Rc8 (28... Ka8 $2 29. b4 $1
Bxb4 30. Rxc6 bxc6 31. Bxb4 Qxb4 32. Qxc6+ {mates}) 29. Qg5 $2 {The players
must have been in time trouble already. In such a chaotic position, though it
is basically winning for White. Mutual mistakes are very likely with little
time. The last move allows a nasty geometric trick.} (29. g3 $16 {[%cal Gf1g2]
would have spared back rank problems, making the trick ineffective:} Bxa3 30.
bxa3 Qb5 31. Bd2 Nd8 32. Qe3+ Ka8 33. Rb6 $18) 29... Bd4 $6 ({Missing} 29...
Bxa3 $1 30. bxa3 Qb5 {[%cal Gc6d8,Gd3d2] Suddenly the rooks are hanging.} 31.
Bd2 (31. a4 Qc4 $17) 31... Nd8 32. Qe3+ Ka8 33. Rb6 d4 $3 (33... Rc1+ $2 34.
Bxc1 d2+ 35. Rxb5 dxc1=Q+ 36. Qxc1) 34. Qxd4 Rc1+ $1 35. Bxc1 d2+ 36. Rxb5
dxc1=Q+ 37. Ke2 Nxf7 $17) 30. Re1 $2 (30. Qxd5 $1 Bxc3 31. bxc3 Rgd8 ({There
are some differences induced by} 31... Rcd8 32. Rd6 Rxd6 33. Qxd6 Qb2 34. g3
Qe2+ 35. Kg2 Qe4+ 36. f3 Qe2+ 37. Kh3 d2 38. Qxc6 $1 $18) 32. Rd7 (32. Rd6 Rxd6
33. Qxd6 Qb2 34. g3 Qe2+ 35. Kg2 Qe4+ 36. f3 Qe2+ 37. Kh3 d2 $13 {[%csl Gc6]})
32... Rxd7 33. Qxd7 Rd8 34. Rxc6 Rxd7 35. Rxb6 d2 36. Rb1 d1=Q+ 37. Rxd1 Rxd1+
38. Ke2 Rd8 39. Nc4 Rg8 40. f4 Rxg7 41. Kf3 Rc7 42. Ne3 Rxc3 43. g4 $18) (30.
Qd2 $5 $13) 30... Bxc3 $6 (30... Rxg7 $1 {Another combination which is far
from easy to see.} 31. Bxd4 (31. Rxg7 Rh8 $1 32. g3 Bxc3 33. bxc3 Rh1+ 34. Kg2
Rxe1 $19) 31... Rxg5 32. Bxb6+ Kxb6 33. Rd1 Ne5 $17) 31. bxc3 Qb2 32. Nb1 {
Finally thinking of this knight, true, not really voluntarily.} (32. Qc1 $13 {
looks safest}) 32... Rce8 33. Qd2 Rxe1+ 34. Qxe1 d4 $1 {Quite a tricky move,
clearing not only the d5-square but also the whole fifth rank for a rapid
queen switch to h5.} (34... Qb5 35. c4 Qxc4 (35... dxc4 36. Nc3 $16) 36. Nd2
$13) 35. Nd2 $2 $19 (35. cxd4 Qb5 36. Kg1 (36. Nc3 Qh5 $1) 36... Qd5 $15) ({
In time trouble who would think of a prophylactic move like} 35. a4 $1 $13 {
[%csl Gb5]}) 35... dxc3 36. Nc4 {The knight which had waited so passively on
a3 for such a long time seems to have become the hero of the game. But not
after Black's brilliant answer (the only one not to lose!)} Re8 $3 (36... Qb4
37. Qe3+ Kb8 38. Qxd3 $18) 37. Rxb7+ (37. Qxe8 Qc1+ 38. Qe1 d2 39. Qxc1 dxc1=Q+
40. Ke2 c2 41. Ne3 Qb2 $19) (37. Nxb2 Rxe1+ 38. Kxe1 cxb2 39. g8=Q b1=Q+ 40.
Kd2 Qc2+ 41. Ke3 Qe2+ 42. Kf4 d2 $19) 37... Qxb7 38. Qxe8 Qb1+ 39. Qe1 c2 0-1